000 00554nam a2200229Ia 4500
999 _c65802
_d65802
003 0100
005 20171201094644.0
008 130303s9999 xx 000 0 und d
040 _cARRUPELIB
050 _aD443 1974
100 _aWatson, Jack B.
_937876
245 _aSuccess in 20th century wotld affairs
250 _a3rd. ed.
260 _bJohn Murray
_aPortsmouth
_c1974
300 _a487p.
300 _b 21cm
440 _aSuccess studybooks
_937877
650 _bHistory, Modern
_y20th Century
_926905
650 _bWorld politics
_y20th Century
_937878
942 _2lcc
_cMONOGRAPH